000 00580cam a2200241ua 4500
020 _c10.00
041 _aeng
_h
082 _a530
_bJOH/PR
100 _aJohn, U.V .
245 _aPre-Degree practical physics /
_cU.V.John.
_hTextual Documents
250 _a3 /
_b.
260 _aErnakulam :
_bCo-operative Publishers ,
_c1965.
300 _a96 ; .
365 _a10.00
504 _a
700 1 _aDaniel, P.A .
700 1 _aVareed, P.V .
942 _cBK
999 _c10124
_d10124